Vista normal
Vista MARC
Entrada Materia (corporativa)
Número de registros utilizados en: 3
001 - CONTROL NUMBER
- control field: 94852
003 - CONTROL NUMBER IDENTIFIER
- control field: Co-BoUCM
005 - DATE AND TIME OF LATEST TRANSACTION
- control field: 20181206084151.0
008 - FIXED-LENGTH DATA ELEMENTS
- fixed length control field: 181206|| aca||aabn | a|a d
040 ## - CATALOGING SOURCE
- Original cataloging agency: Co-BoUCM
- Transcribing agency: Co-BoUCM
110 ## - HEADING--CORPORATE NAME
- Corporate name or jurisdiction name as entry element: Colombia
- Subordinate unit: Ministerio de Hacienda y Crédito Público
- Subordinate unit: Jefatura de Rentas e Impuestos Nacionales
670 ## - SOURCE DATA FOUND
- Source citation: Work cat.: (Co-BoUCM): Colombia Ministerio de Hacienda y Crédito Público Jefatura de Rentas e Impuestos Nacionales, Leyes orgánicas de los impuestos sobre la renta, exceso de utilidades y patrimonio, y decreto que las reglamenta, 1936